Adivina los futbolistas por sus trayectorias profesionales #4 - Estadísticas

Estadísticas generales
  • Esta prueba ha sido intentada 3.810 veces
  • La puntuación promedio es 4 de 10
Estadísticas de respuestas
Jugadores Clubes % Correcto
David Villa images?q=tbn:ANd9GcSNgtBcF8gYjkLchyokJvY4PHQX-47SOPDs9Q&s 1200px-Real_Zaragoza_logo.svg.png 1200px-Valenciacf.svg.png 1200px-FC_Barcelona_%28crest%29.svg.png 800px-Atletico_Madrid_Logo_2024.svg.png 1200px-Logo_New_York_City_FC_2025.svg.png 800px-Melbourne_City_FC.svg.png 1200px-Logo_New_York_City_FC_2025.svg.png images?q=tbn:ANd9GcSz2KcXeGAD_q7C49jU-egK6RgQwwkANVofsA&s
90%
Raúl Real_Madrid_CF.svg 640px-FC_Schalke_04_Logo.svg.png Al_Sadd_SC_logo.svg New_York_Cosmos_77.png
76%
Fabio Cannavaro 1200px-SSC_Napoli_2024_%28deep_blue_navy%29.svg.png images?q=tbn:ANd9GcTVppJ_OsZ7GT9tyS8lahI4BJUodnwLPZ1Dbw&s 250px-FC_Internazionale_Milano_2021.svg.png Juventus_FC_-_logo_black_%28Italy%2C_2020%29.svg Real_Madrid_CF.svg Juventus_FC_-_logo_black_%28Italy%2C_2020%29.svg 1280px-Shabab_Al_Ahli_logo.svg.png
54%
Didier Drogba Le_Mans_FC_logo.svg En_Avant_Guingamp_logo.svg Olympique_Marseille_logo.svg 1280px-Chelsea_FC.svg.png 1200px-Shanghai_Shenhua_F.C.svg.png 960px-Galatasaray_Sports_Club_Logo.svg.png 1280px-Chelsea_FC.svg.png CF_Montreal_logo_2023.svg 1200px-Phoenix_Rising_FC_logo.svg.png
47%
Javier Zanetti Talleres_ba_logo.png 960px-CA_Banfield_%282014%29.svg.png 250px-FC_Internazionale_Milano_2021.svg.png
41%
Alan Shearer 1200px-FC_Southampton.svg.png 800px-Blackburn_Rovers.svg.png 1200px-Newcastle_United_Logo.svg.png
40%
Gary Lineker 800px-Leicester_City_crest.svg.png 640px-Everton_FC_logo.svg.png 1200px-FC_Barcelona_%28crest%29.svg.png 800px-Tottenham_Hotspur.svg.png 200px-Nagoya_Grampus_Logo.svg.png
23%
Olivier Kahn images?q=tbn:ANd9GcRy47Zjcwa9lGU7GCsvrGY7XSFJ48TU8-Hi4eTsQ8NyOw&s=10 FC_Bayern_M%C3%BCnchen_logo_%282024%29.svg
23%
Rui Costa 1200px-SL_Benfica_logo.svg.png AD_Fafe_logo.png langfr-250px-Logo_ACF_Fiorentina_2022.svg.png images?q=tbn:ANd9GcS2a7sIdSYfZPYCrYG7fHPBz3RTC8l8gLKcpg&s 1200px-SL_Benfica_logo.svg.png
23%
Frank Rijkaard 1200px-Ajax_Amsterdam.svg.png 960px-Sporting_CP_crest.svg.png 1200px-Real_Zaragoza_logo.svg.png images?q=tbn:ANd9GcS2a7sIdSYfZPYCrYG7fHPBz3RTC8l8gLKcpg&s 1200px-Ajax_Amsterdam.svg.png
15%
No se encontraron pruebas coincidentes
Distribución de puntuación
Porcentaje de gente con cada puntuación
Porcentaje por número respondido
Historial de tus puntuaciones
No has intentado esta prueba.